Locally convex spaces and linear partial differential equations /
Guardado en:
| Autor Principal: | |
|---|---|
| Formato: | Libro |
| Idioma: | English |
| Publicado: |
New York :
Springer-Verlag,
1967.
|
| Series: | Grundlehren der mathematischen Wissenschaften in Einzeldarstellungen mit besonderer Berücksichtigung der Anwendungsgebiete ;
Bd. 146. |
| Materias: | |
| Etiquetas: |
Agregar Etiqueta
Sin Etiquetas, Sea el primero en etiquetar este registro!
|
| LEADER | 01071cam a22002535a 4500 | ||
|---|---|---|---|
| 001 | MAT.inmabb003048 | ||
| 008 | 840809s1967####nyu######b####000#0#eng## | ||
| 005 | 20160308104752.0 | ||
| 245 | 1 | 0 | |a Locally convex spaces and linear partial differential equations / |c François Treves. |
| 260 | |a New York : |b Springer-Verlag, |c 1967. | ||
| 300 | |a 120 p. ; |c 24 cm. | ||
| 490 | 1 | |a Die Grundlehren der mathematischen Wissenschaften in Einzeldarstellungen mit besonderer Berücksichtigung der Anwendungsgebiete ; |v Bd. 146 | |
| 504 | |a Bibliografía: p. [121]. | ||
| 510 | 4 | |a MR, |c 36 #6986 | |
| 100 | 1 | |a Treves, François, |d 1930- | |
| 830 | 0 | |a Grundlehren der mathematischen Wissenschaften in Einzeldarstellungen mit besonderer Berücksichtigung der Anwendungsgebiete ; |v Bd. 146. | |
| 084 | |a 47F05 (35) |2 msc2000 | ||
| 650 | 0 | |a Linear topological spaces. | |
| 650 | 0 | |a Differential equations, Partial. | |
| 650 | 0 | |a Differential equations, Linear. | |
| 650 | 0 | |a Locally convex spaces. | |
| 010 | |a 67025286 | ||
| 040 | |a DLC/ICU |c ICU |d DLC | ||
| 859 | |h 47 |i T812 |p A-4297 |b BIB. MATEMATICA | ||
